One hundred famous haiku

One Hundred Famous Haiku is an overlooked collection that serves both as an introduction to the Japanese verse form known as haiku and a guide to some of the best know examples of this concise, powerful art form.

Na minha lista:
Detalhes bibliográficos
Formato: Livro
Idioma:Undetermined
Publicado em: Tokyo Japan Publications 1973
Assuntos:
Tags: Adicionar Tag
Sem tags, seja o primeiro a adicionar uma tag!
Thư viện lưu trữ: Trung tâm Học liệu Trường Đại học Cần Thơ
LEADER 00739nam a2200193Ia 4500
001 CTU_110125
008 210402s9999 xx 000 0 und d
082 |a 895.6109 
082 |b O.58 
245 0 |a One hundred famous haiku 
245 0 |c Selected and translated into English by Daniel C. Buchanan 
260 |a Tokyo 
260 |b Japan Publications 
260 |c 1973 
520 |a One Hundred Famous Haiku is an overlooked collection that serves both as an introduction to the Japanese verse form known as haiku and a guide to some of the best know examples of this concise, powerful art form. 
650 |a Haiku 
650 |x Translations into English 
904 |i Minh 
980 |a Trung tâm Học liệu Trường Đại học Cần Thơ